[Event "CYCC U16"]
[Site "Montreal CAN"]
[Date "2014.07.15"]
[Round "1"]
[White "Thanabalachandran, Kajan"]
[Black "Yu, Zong Yang"]
[Result "0-1"]
[WhiteElo "1798"]
[BlackElo "2287"]
[PlyCount "112"]
[EventDate "2014.07.15"]
[EventType "swiss"]
[EventRounds "7"]
[EventCountry "CAN"]

1. e4 c5 2. Nf3 d6 3. d4 cxd4 4. Nxd4 Nf6 5. Nc3 Nc6 6. Bg5 e6 7. Qd2 a6 8.
O-O-O h6 9. Be3 Be7 10. f3 Nxd4 11. Bxd4 e5 12. Be3 Be6 13. Nd5 Nxd5 14. exd5
Bf5 15. Bd3 Bxd3 16. Qxd3 Bg5 17. Bxg5 Qxg5+ 18. Qd2 O-O 19. Qxg5 hxg5 20. h4
gxh4 21. Rxh4 f5 22. Rdh1 Kf7 23. g4 f4 24. Kd2 Rac8 25. Rd1 Rh8 26. Rxh8 Rxh8
27. Kc3 Rh3 28. Rd3 Rh2 29. Rd2 Rh1 30. Rd3 Rg1 31. Kd2 Rg2+ 32. Kc3 Kf6 33.
Rd2 Rg3 34. Rf2 e4 35. Kd4 e3 36. Rf1 Rg2 37. Kd3 Ke5 38. c4 Rd2+ 39. Kc3 Rf2
40. Rh1 Rxf3 41. Rh7 Kf6 42. g5+ Kg6 43. Rh8 e2+ 44. Kd2 Re3 45. Ke1 f3 46. Rh2
Rd3 47. Rxe2 fxe2 48. Kxe2 Rd4 49. b3 b5 50. Ke3 Rd1 51. Ke2 Ra1 52. c5 Rxa2+
53. Kd3 dxc5 54. d6 Kf7 55. g6+ Ke6 56. d7 Kxd7 0-1

[Event "CYCC U16"]
[Site "Montreal CAN"]
[Date "2014.07.15"]
[Round "2"]
[White "Dorrance, Adam"]
[Black "Graif, William"]
[Result "1-0"]
[WhiteElo "2234"]
[BlackElo "2064"]
[PlyCount "55"]
[EventDate "2014.07.15"]
[EventType "swiss"]
[EventRounds "7"]
[EventCountry "CAN"]

1. e4 c5 2. c3 Nf6 3. e5 Nd5 4. Nf3 Nc6 5. Bc4 Nb6 6. Bb3 d5 7. exd6 exd6 8.
O-O Be7 9. d4 Bf5 10. Re1 c4 11. Bc2 Bxc2 12. Qxc2 O-O 13. Nbd2 d5 14. Nf1 Re8
15. Bf4 Nd7 16. Re2 Nf8 17. Rae1 Ne6 18. Bg3 b5 19. Ne3 Bf8 20. Ng4 b4 21. Nge5
Nxe5 22. Nxe5 Qe7 23. Nxc4 dxc4 24. d5 Nd4 25. Rxe7 Nxc2 26. Rxe8 Nxe1 27. Rxa8
Nd3 28. Bd6 1-0

[Event "CYCC U16"]
[Site "Montreal CAN"]
[Date "2014.07.15"]
[Round "2"]
[White "Liu, Yu Qing"]
[Black "Balachandran, Shesan"]
[Result "1-0"]
[WhiteElo "1674"]
[BlackElo "1312"]
[PlyCount "43"]
[EventDate "2014.07.15"]
[EventType "swiss"]
[EventRounds "7"]
[EventCountry "CAN"]

1. e4 e5 2. Nf3 Nc6 3. Bb5 d6 4. d4 Bd7 5. Nc3 Nf6 6. O-O h6 7. Bxc6 Bxc6 8.
dxe5 Nd7 9. exd6 Bxd6 10. Re1 Qf6 11. Nd5 Qg6 12. e5 Bxd5 13. Qxd5 Be7 14. e6
Nf6 15. Qb5+ c6 16. Qxb7 O-O 17. exf7+ Qxf7 18. Rxe7 Qd5 19. Rxg7+ Kh8 20. Bxh6
Rg8 21. Ng5 Qf5 22. Nf7# 1-0

[Event "CYCC U16"]
[Site "Montreal CAN"]
[Date "2014.07.15"]
[Round "2"]
[White "Poirier, Alexis"]
[Black "Thanabalachandran, Kajan"]
[Result "0-1"]
[WhiteElo "1520"]
[BlackElo "1798"]
[PlyCount "128"]
[EventDate "2014.07.15"]
[EventType "swiss"]
[EventRounds "7"]
[EventCountry "CAN"]

1. e4 c5 2. Nf3 e6 3. d4 cxd4 4. Nxd4 a6 5. c4 Nc6 6. Be3 Nf6 7. Nc3 Bb4 8. f3
d5 9. Qc2 Nxd4 10. Bxd4 O-O 11. Rd1 Re8 12. a3 Be7 13. Bxf6 Bxf6 14. Be2 d4 15.
O-O Qc7 16. Nb1 e5 17. Bd3 Be6 18. Qc1 Rac8 19. Rf2 h6 20. Rc2 Bd7 21. Nd2 Bg5
22. b3 Qb6 23. Qb2 Qg6 24. Kh1 Qh5 25. Nf1 Rc6 26. Be2 Qg6 27. Nd2 Be7 28. Nf1
h5 29. Ne3 Bg5 30. Nd5 f5 31. Bd3 f4 32. Rcc1 Bh4 33. Bb1 Qg5 34. Rd2 Bg3 35.
h3 Qh4 36. Bd3 g5 37. Kg1 g4 38. Be2 gxh3 39. gxh3 Bxh3 40. Bf1 Rg6 41. Bxh3
Qxh3 42. Rg2 Kh8 43. Rcc2 Reg8 44. Ne7 Bh2+ 45. Kh1 Rxg2 46. Rxg2 Bg3+ 47. Kg1
Rg7 48. Nd5 Bh2+ 49. Kh1 Rxg2 50. Qxg2 Qxg2+ 51. Kxg2 Bg3 52. Ne7 Kg7 53. Nf5+
Kf6 54. Nd6 h4 55. c5 d3 56. Nc4 Be1 57. Kh3 d2 58. Nb2 Ke6 59. Kg2 Kd7 60. Kf1
Kc6 61. Ke2 Kxc5 62. Nd3+ Kd4 63. Nxe1 dxe1=Q+ 64. Kxe1 Ke3 0-1

[Event "CYCC U16"]
[Site "Montreal CAN"]
[Date "2014.07.15"]
[Round "2"]
[White "Washimkar, Atharva"]
[Black "Hunter, Harold"]
[Result "0-1"]
[WhiteElo "1765"]
[BlackElo "1493"]
[PlyCount "162"]
[EventDate "2014.07.15"]
[EventType "swiss"]
[EventRounds "7"]
[EventCountry "CAN"]

1. e4 c5 2. Nf3 d6 3. d4 cxd4 4. Nxd4 Nf6 5. Nc3 a6 6. Bc4 e6 7. Bb3 b5 8. Bg5
Be7 9. Qf3 Qc7 10. e5 Bb7 11. exd6 Bxd6 12. Qe3 Nbd7 13. Bxe6 O-O 14. Bxd7 Qxd7
15. O-O-O Rfe8 16. Qd2 b4 17. Bxf6 gxf6 18. Nce2 Qg4 19. f3 Qg6 20. Ng3 Rac8
21. Ngf5 Bf8 22. h4 Rc5 23. g4 h5 24. gxh5 Qxh5 25. Rhg1+ Kh7 26. Qd3 Kh8 27.
Rg2 Bxf3 28. Qxf3 Qxf3 29. Nxf3 Rxf5 30. Nd4 Rf4 31. Rh2 Bh6 32. Kb1 Rd8 33. c3
bxc3 34. bxc3 Bf8 35. Kc2 Rc8 36. Ne2 Ra4 37. Ra1 Rcc4 38. Nd4 Bc5 39. Rd2 Bxd4
40. Rxd4 Rxd4 41. cxd4 Rxd4 42. Rf1 Kg7 43. h5 Rd6 44. Rf5 Re6 45. Ra5 Re5 46.
Rxa6 Rxh5 47. a4 f5 48. Rb6 f4 49. Rb5 Rh2+ 50. Kd3 Ra2 51. a5 f3 52. Rf5 f2
53. Kc3 f1=Q 54. Rxf1 Rxa5 55. Kd4 f5 56. Rg1+ Kf6 57. Rf1 Ra4+ 58. Kd5 Kg5 59.
Ke6 Re4+ 60. Kd5 Rf4 61. Rg1+ Rg4 62. Rf1 Rg2 63. Rh1 Kg4 64. Rh8 f4 65. Rg8+
Kf3 66. Rf8 Rg5+ 67. Kd4 Ra5 68. Rf7 Ra4+ 69. Kd3 Ra3+ 70. Kd4 Ra4+ 71. Kd3 Kg3
72. Rg7+ Kf2 73. Rf7 f3 74. Rf8 Ra3+ 75. Kd2 Kf1 76. Rf7 f2 77. Rg7 Ra2+ 78.
Kd1 Ra3 79. Kd2 Rh3 80. Rg8 Rh2 81. Rc8 Kg1 0-1

[Event "CYCC U16"]
[Site "Montreal CAN"]
[Date "2014.07.15"]
[Round "2"]
[White "Ye, Hanyuan"]
[Black "Mathews, Jeremy"]
[Result "1-0"]
[WhiteElo "1852"]
[BlackElo "1546"]
[PlyCount "38"]
[EventDate "2014.07.15"]
[EventType "swiss"]
[EventRounds "7"]
[EventCountry "CAN"]

1. e4 e5 2. Nf3 Nc6 3. d4 exd4 4. Nxd4 Nf6 5. Nc3 Bb4 6. Nxc6 bxc6 7. Bd3 d6 8.
O-O O-O 9. Bg5 Be6 10. Qf3 Bxc3 11. bxc3 Qe7 12. Qg3 Rfd8 13. f4 h6 14. Bxh6
Nh5 15. Qf3 Qh4 16. Bg5 Qg4 17. Qe3 Bd7 18. Be2 Qe6 19. Bxh5 g6 1-0

[Event "CYCC U16"]
[Site "Montreal CAN"]
[Date "2014.07.15"]
[Round "2"]
[White "Yu, Zong Yang"]
[Black "Nasir, Zehn"]
[Result "1-0"]
[WhiteElo "2287"]
[BlackElo "2105"]
[PlyCount "168"]
[EventDate "2014.07.15"]
[EventType "swiss"]
[EventRounds "7"]
[EventCountry "CAN"]

1. d4 Nf6 2. c4 c5 3. Nf3 g6 4. Nc3 Bg7 5. e4 cxd4 6. Nxd4 Nc6 7. Be3 O-O 8.
Be2 d6 9. O-O Bd7 10. Qd2 Rc8 11. f3 Nxd4 12. Bxd4 Qa5 13. Rfd1 Rfe8 14. Rac1
Nh5 15. Be3 Be6 16. b3 a6 17. Nd5 Qxd2 18. Rxd2 Bxd5 19. Rxd5 Nf6 20. Rd2 h5
21. Rdc2 Kh7 22. Kf2 Nd7 23. g3 Bh6 24. f4 Nc5 25. Kf3 a5 26. Rd1 Ra8 27. Rd5
b6 28. h3 Rac8 29. Rcd2 f6 30. Rd1 Rf8 31. Bd3 Rc6 32. Bc2 Na6 33. Bb1 Nc7 34.
R5d2 Kg8 35. e5 fxe5 36. Be4 exf4 37. gxf4 d5 38. cxd5 Rcf6 39. d6 exd6 40.
Rxd6 Ne6 41. Rxe6 Rxe6 42. Bd5 Kf7 43. Rc1 Ke7 44. Bxe6 Kxe6 45. Rc6+ Kf5 46.
Rxb6 Ra8 47. Bd4 Rf8 48. Be3 Ra8 49. a4 Bg7 50. Rb5+ Ke6 51. Ke4 Bc3 52. Bd4
Bxd4 53. Kxd4 Rd8+ 54. Ke4 Ra8 55. f5+ gxf5+ 56. Rxf5 Rb8 57. Rb5 Rc8 58. Kd4
Rd8+ 59. Kc3 h4 60. Rh5 Rc8+ 61. Kb2 Rg8 62. Rxh4 Rg5 63. Rh6+ Kd7 64. h4 Rg2+
65. Ka3 Kc7 66. h5 Kb7 67. Rg6 Rh2 68. Rg5 Kb6 69. Rb5+ Ka6 70. Rg5 Rh3 71.
Rg6+ Kb7 72. h6 Rh5 73. Kb2 Rh3 74. Rg7+ Ka6 75. h7 Kb6 76. Kc2 Kc6 77. Kd2 Kc5
78. Rb7 Kd4 79. Rd7+ Kc5 80. Ke2 Kc6 81. Rg7 Kc5 82. Kf2 Kd5 83. Kg2 Rh5 84.
Ra7 Ke6 1-0

[Event "CYCC U16"]
[Site "Montreal CAN"]
[Date "2014.07.16"]
[Round "3"]
[White "Harris, Gabriel"]
[Black "Zhu, Hong Rui"]
[Result "0-1"]
[WhiteElo "1236"]
[BlackElo "2145"]
[PlyCount "142"]
[EventDate "2014.07.15"]
[EventType "swiss"]
[EventRounds "7"]
[EventCountry "CAN"]

1. Nf3 c5 2. g3 Nc6 3. Bg2 g6 4. O-O Bg7 5. d3 e6 6. Nbd2 d5 7. e4 Nge7 8. a3
O-O 9. Re1 b6 10. Rb1 Bb7 11. exd5 exd5 12. b4 cxb4 13. axb4 Nf5 14. b5 Ncd4
15. Nxd4 Nxd4 16. Bb2 Rc8 17. Bxd4 Bxd4 18. c4 Qd7 19. Nf3 Bf6 20. Ne5 Qc7 21.
Nc6 Bxc6 22. bxc6 Qxc6 23. Bxd5 Qc5 24. Qa4 Bd4 25. Re2 a5 26. Kf1 Qd6 27. Rbe1
Bc3 28. Rc1 Qf6 29. Re4 Bb4 30. Rc2 Qf3 31. Re3 Qd1+ 32. Kg2 Rfd8 33. Bf3 Qb1
34. Qa2 Qxa2 35. Rxa2 Bc5 36. Re5 Rxd3 37. Bd5 Kg7 38. Be4 Rd4 39. Rxc5 Rxc5
40. Bd5 Rd3 41. f4 Kf6 42. Kf2 h5 43. Ke2 Rc3 44. Kd2 R3xc4 45. Bxc4 Rxc4 46.
Rb2 Rb4 47. Rc2 b5 48. Rc6+ Kg7 49. Kc2 Rc4+ 50. Rxc4 bxc4 51. Kc3 Kf6 52. Kxc4
Kf5 53. Kb5 Kg4 54. Kxa5 Kh3 55. f5 gxf5 56. Kb4 Kxh2 57. Kc3 Kxg3 58. Kd2 Kf2
59. Kd3 h4 60. Kd4 h3 61. Ke5 h2 62. Kxf5 h1=Q 63. Kf6 Qh5 64. Ke7 Qd5 65. Kf6
Qe6+ 66. Kg7 Qe7 67. Kh6 Qf6+ 68. Kh5 Qg6+ 69. Kh4 f5 70. Kh3 Qg4+ 71. Kh2 Qh4#
0-1

[Event "CYCC U16"]
[Site "Montreal CAN"]
[Date "2014.07.16"]
[Round "3"]
[White "Hunter, Harold"]
[Black "Ye, Hanyuan"]
[Result "0-1"]
[WhiteElo "1493"]
[BlackElo "1852"]
[PlyCount "56"]
[EventDate "2014.07.15"]
[EventType "swiss"]
[EventRounds "7"]
[EventCountry "CAN"]

1. e4 e6 2. d4 d5 3. Nc3 Nf6 4. Bg5 Be7 5. e5 Nfd7 6. Bxe7 Qxe7 7. Qg4 f6 8.
Nf3 a6 9. Bd3 c5 10. Bxh7 cxd4 11. Bg6+ Kf8 12. exf6 Qxf6 13. Ne2 Nc6 14. Qg5
Ne7 15. Qxf6+ gxf6 16. Nexd4 Nb6 17. Nxe6+ Bxe6 18. Bd3 Nc6 19. O-O-O Bg4 20.
Be2 Re8 21. h3 Rxe2 22. hxg4 Rxh1 23. Rxh1 Rxf2 24. Nh4 Ne5 25. Nf5 Nxg4 26.
Nd6 Ne3 27. c3 Nbc4 28. Nxc4 Nxc4 0-1

[Event "CYCC U16"]
[Site "Montreal CAN"]
[Date "2014.07.16"]
[Round "3"]
[White "Thanabalachandran, Kajan"]
[Black "Doknjas, John"]
[Result "0-1"]
[WhiteElo "1798"]
[BlackElo "2209"]
[PlyCount "88"]
[EventDate "2014.07.15"]
[EventType "swiss"]
[EventRounds "7"]
[EventCountry "CAN"]

1. e4 c5 2. Nf3 d6 3. d4 cxd4 4. Nxd4 Nf6 5. Nc3 a6 6. Bg5 e6 7. f4 Qb6 8. Qd2
Nc6 9. O-O-O Qxd4 10. Qxd4 Nxd4 11. Rxd4 Bd7 12. e5 h6 13. Bxf6 gxf6 14. exd6
f5 15. Rd2 Bc6 16. Rg1 O-O-O 17. g3 Bxd6 18. Bc4 Bc5 19. Re1 h5 20. Kd1 h4 21.
Rf1 hxg3 22. hxg3 Bg2 23. Re1 Bf2 24. Rxd8+ Rxd8+ 25. Ke2 Bxe1 26. Kxe1 Bc6 27.
Bd3 Kc7 28. Nd1 Be4 29. Bxe4 fxe4 30. Ne3 Kc6 31. Ke2 Kc5 32. f5 exf5 33. Nxf5
Rh8 34. Ne3 Rh2+ 35. Kd1 Rf2 36. Ke1 Rf3 37. Nf1 e3 38. a3 Kd4 39. g4 Rf2 40.
c3+ Kd3 41. c4 Rxf1+ 42. Kxf1 Kd2 43. b4 e2+ 44. Kg2 e1=Q 0-1

[Event "CYCC U16"]
[Site "Montreal CAN"]
[Date "2014.07.16"]
[Round "4"]
[White "Doknjas, John"]
[Black "Nasir, Zehn"]
[Result "1-0"]
[WhiteElo "2171"]
[BlackElo "2097"]
[PlyCount "93"]
[EventDate "2014.07.15"]
[EventType "swiss"]
[EventRounds "7"]
[EventCountry "CAN"]

1. d4 d5 2. c4 c6 3. Nc3 Nf6 4. Nf3 a6 5. c5 Nbd7 6. Bf4 Nh5 7. Bg5 h6 8. Bd2
Qc7 9. e4 dxe4 10. Nxe4 Nhf6 11. Nc3 g6 12. Bc4 Bg7 13. O-O O-O 14. Re1 e6 15.
Qc2 b6 16. b4 Bb7 17. cxb6 Nxb6 18. Bb3 Rad8 19. Na4 Nxa4 20. Bxa4 Nd5 21. Rac1
Qb6 22. Qc5 Rc8 23. Bb3 Qxc5 24. bxc5 g5 25. h3 Ne7 26. g4 Rfd8 27. Ba5 Rf8 28.
Bc4 Ra8 29. Rb1 Bc8 30. Rb3 Nd5 31. Bxd5 cxd5 32. c6 f5 33. Ne5 Bxe5 34. dxe5
fxg4 35. Reb1 gxh3 36. c7 Bd7 37. Rb8 Bb5 38. Rxa8 Rxa8 39. a4 Kf7 40. axb5
axb5 41. Rxb5 d4 42. Rb8 Rxa5 43. c8=Q Ra1+ 44. Kh2 Kg6 45. Qxe6+ Kh5 46. Qxh3+
Kg6 47. Rb6+ 1-0

[Event "CYCC U16"]
[Site "Montreal CAN"]
[Date "2014.07.16"]
[Round "4"]
[White "Liu, Yu Qing"]
[Black "Thanabalachandran, Kajan"]
[Result "1/2-1/2"]
[WhiteElo "1404"]
[BlackElo "1798"]
[PlyCount "65"]
[EventDate "2014.07.15"]
[EventType "swiss"]
[EventRounds "7"]
[EventCountry "CAN"]

1. e4 c5 2. Nf3 e6 3. d4 cxd4 4. Nxd4 a6 5. Bd3 Bc5 6. Nb3 Be7 7. O-O d6 8. Be3
Nf6 9. Nc3 O-O 10. f4 Nc6 11. g4 Qc7 12. g5 Nd7 13. Qh5 g6 14. Qh6 Rd8 15. Rf3
Bf8 16. Qh4 Bg7 17. Rh3 Nf8 18. Rf1 Nb4 19. a3 Nxd3 20. cxd3 d5 21. Bc5 f5 22.
gxf6 Bh8 23. Be7 Kf7 24. Nd4 dxe4 25. Nce2 Rxd4 26. Nxd4 Qb6 27. Qf2 e5 28. f5
Qxd4 29. fxg6+ Nxg6 30. Rxh7+ Kg8 31. Rh6 Kf7 32. Rh7+ Kg8 33. Rh6 1/2-1/2

[Event "CYCC U16"]
[Site "Montreal CAN"]
[Date "2014.07.16"]
[Round "4"]
[White "Poirier, Alexis"]
[Black "Hunter, Harold"]
[Result "1-0"]
[WhiteElo "1291"]
[BlackElo "1493"]
[PlyCount "59"]
[EventDate "2014.07.15"]
[EventType "swiss"]
[EventRounds "7"]
[EventCountry "CAN"]

1. e4 c5 2. Nf3 d6 3. d4 cxd4 4. Nxd4 Nf6 5. Nc3 a6 6. Be2 e5 7. Nb3 Be6 8. Be3
Nbd7 9. O-O Be7 10. a4 Nb6 11. Qd2 O-O 12. Rfd1 Rc8 13. a5 Nc4 14. Bxc4 Bxc4
15. Bb6 Qd7 16. f3 Qc6 17. Rac1 h6 18. Kh1 Nh7 19. Nd5 Bxd5 20. Qxd5 Qxd5 21.
Rxd5 Nf6 22. Rd3 Rc6 23. c3 Rfc8 24. Nd2 Nd7 25. Bf2 Nc5 26. Bxc5 Rxc5 27. b4
R5c6 28. Nf1 Rc4 29. Ne3 Rxb4 30. Nd5 1-0

[Event "CYCC U16"]
[Site "Montreal CAN"]
[Date "2014.07.16"]
[Round "4"]
[White "Washimkar, Atharva"]
[Black "Harris, Gabriel"]
[Result "1/2-1/2"]
[WhiteElo "1765"]
[BlackElo "1325"]
[PlyCount "98"]
[EventDate "2014.07.15"]
[EventType "swiss"]
[EventRounds "7"]
[EventCountry "CAN"]

1. e4 c5 2. Nf3 d6 3. d4 cxd4 4. Nxd4 Nf6 5. Nc3 g6 6. Be3 Bg7 7. f3 Nc6 8. Qd2
O-O 9. Bc4 Bd7 10. O-O-O Rc8 11. Bb3 Na5 12. Kb1 Nc4 13. Bxc4 Rxc4 14. g4 Qb8
15. h4 b5 16. h5 b4 17. Nd5 Nxd5 18. exd5 a5 19. hxg6 fxg6 20. Nc6 Bxc6 21.
dxc6 Qb5 22. Qh2 Qe5 23. Qxe5 Bxe5 24. c7 Rxc7 25. Bb6 Rb7 26. Bd4 Bxd4 27.
Rxd4 Rxf3 28. b3 Rc7 29. Rd5 Rc5 30. Rxc5 dxc5 31. Re1 Kf7 32. c4 Rd3 33. Re5
Kf6 34. Rxc5 e5 35. Rxa5 e4 36. Kc2 Rd8 37. a3 bxa3 38. Rxa3 h5 39. gxh5 gxh5
40. Ra1 h4 41. Rf1+ Kg5 42. c5 e3 43. Rf3 Rc8 44. Kd1 Kg4 45. Ke2 h3 46. Rf7 h2
47. Rg7+ Kh3 48. Rh7+ Kg2 49. Rg7+ Kh3 1/2-1/2

[Event "CYCC U16"]
[Site "Montreal CAN"]
[Date "2014.07.16"]
[Round "4"]
[White "Ye, Hanyuan"]
[Black "Dorrance, Adam"]
[Result "0-1"]
[WhiteElo "1749"]
[BlackElo "2250"]
[PlyCount "62"]
[EventDate "2014.07.15"]
[EventType "swiss"]
[EventRounds "7"]
[EventCountry "CAN"]

1. e4 Nf6 2. e5 Nd5 3. d4 d6 4. c4 Nb6 5. exd6 cxd6 6. Nc3 g6 7. Be3 Bg7 8. Nf3
O-O 9. Be2 Bg4 10. O-O Nc6 11. c5 Bxf3 12. Bxf3 Nc4 13. Qa4 Nxe3 14. fxe3 dxc5
15. dxc5 Bxc3 16. bxc3 Qd2 17. Rfe1 Qxc3 18. Bxc6 bxc6 19. Qxc6 Rac8 20. Qb7
Qxc5 21. Rac1 Qxc1 22. Rxc1 Rxc1+ 23. Kf2 Rc2+ 24. Kf3 Rxa2 25. Qxe7 h5 26. Qd7
Rb8 27. Kf4 Rb4+ 28. e4 Rxg2 29. Qe8+ Kg7 30. Qe5+ Kh7 31. Qe7 Rxe4+ 0-1

[Event "CYCC U16"]
[Site "Montreal CAN"]
[Date "2014.07.16"]
[Round "4"]
[White "Yu, Zong Yang"]
[Black "Zhu, Hong Rui"]
[Result "1-0"]
[WhiteElo "2196"]
[BlackElo "2145"]
[PlyCount "59"]
[EventDate "2014.07.15"]
[EventType "swiss"]
[EventRounds "7"]
[EventCountry "CAN"]

1. d4 d5 2. c4 e6 3. Nc3 c6 4. e4 dxe4 5. Nxe4 Nd7 6. Nf3 Ngf6 7. Bd3 Nxe4 8.
Bxe4 Nf6 9. Bc2 c5 10. O-O cxd4 11. Nxd4 Bd7 12. Bg5 Be7 13. Qd3 Qa5 14. Bd2
Qh5 15. Rfe1 Rd8 16. Qg3 Qg4 17. Qxg4 Nxg4 18. Bc3 Rc8 19. Bd3 Bd6 20. Nf5
Bxh2+ 21. Kf1 Rd8 22. g3 h5 23. Nxg7+ Kf8 24. Nf5 exf5 25. Bxh8 f6 26. Rad1 Bc8
27. Be2 Rxd1 28. Rxd1 Ke7 29. Bxg4 fxg4 30. Kg2 1-0

[Event "CYCC U16"]
[Site "Montreal CAN"]
[Date "2014.07.17"]
[Round "5"]
[White "Balachandran, Shesan"]
[Black "Mathews, Jeremy"]
[Result "0-1"]
[WhiteElo "1312"]
[BlackElo "1539"]
[PlyCount "82"]
[EventDate "2014.07.15"]
[EventType "swiss"]
[EventRounds "7"]
[EventCountry "CAN"]

1. e4 e5 2. Nf3 Nc6 3. Nc3 Nf6 4. Bb5 Bc5 5. O-O O-O 6. h3 d6 7. d3 h6 8. a3
Ne7 9. Bc4 Be6 10. Nd5 Nfxd5 11. exd5 Nxd5 12. Bxd5 Bxd5 13. Be3 Bb6 14. c3 Qf6
15. Nh2 Qg6 16. Qg4 Qxg4 17. Nxg4 f5 18. Bxb6 axb6 19. Ne3 Be6 20. Nc2 Bb3 21.
Rac1 g5 22. Rfe1 Rac8 23. Nb4 c5 24. Nc2 b5 25. f3 Kg7 26. Kf2 e4 27. d4 Bxc2
28. Rxc2 c4 29. Rce2 d5 30. Kg3 f4+ 31. Kf2 e3+ 32. Kg1 Kg6 33. Kh2 h5 34. Rg1
g4 35. h4 Kf5 36. Kh1 Rg8 37. Rf1 Rg7 38. g3 gxf3 39. Rxf3 Rxg3 40. Rxg3 fxg3
41. Kg2 Kg4 0-1

[Event "CYCC U16"]
[Site "Montreal CAN"]
[Date "2014.07.17"]
[Round "5"]
[White "Dorrance, Adam"]
[Black "Li, Yinshi"]
[Result "1-0"]
[WhiteElo "2250"]
[BlackElo "2065"]
[PlyCount "81"]
[EventDate "2014.07.15"]
[EventType "swiss"]
[EventRounds "7"]
[EventCountry "CAN"]

1. e4 e6 2. d4 d5 3. e5 c5 4. c3 Nc6 5. Nf3 Qb6 6. Bd3 Bd7 7. O-O cxd4 8. cxd4
Nxd4 9. Nbd2 Bc5 10. b4 Nxf3+ 11. Nxf3 Bd4 12. Rb1 Ne7 13. Be2 Bc3 14. Be3 Qd8
15. Qb3 Rc8 16. Rbc1 d4 17. Nxd4 Nd5 18. Bb5 O-O 19. Bc4 Nxe3 20. fxe3 Bxd4 21.
exd4 Ba4 22. Qd3 Qb6 23. Kh1 Qxb4 24. d5 exd5 25. Qxd5 Bc6 26. Qd4 Kh8 27. Qf4
Bb5 28. a3 Qa4 29. e6 Bxc4 30. e7 Rfe8 31. Rfe1 b5 32. Rcd1 Bb3 33. Rd4 Qa6 34.
Qd2 Be6 35. Qb4 Rc4 36. Rd8 Qc6 37. Qd6 Bd7 38. Qxd7 Qxd7 39. Rxd7 Rcc8 40.
Red1 Kg8 41. Rd8 1-0

[Event "CYCC U16"]
[Site "Montreal CAN"]
[Date "2014.07.17"]
[Round "5"]
[White "Harris, Gabriel"]
[Black "Thanabalachandran, Kajan"]
[Result "1/2-1/2"]
[WhiteElo "1236"]
[BlackElo "1815"]
[PlyCount "70"]
[EventDate "2014.07.15"]
[EventType "swiss"]
[EventRounds "7"]
[EventCountry "CAN"]

1. d4 Nf6 2. c4 e6 3. Nc3 Bb4 4. Bd2 O-O 5. Nf3 d5 6. a3 Bxc3 7. Bxc3 Ne4 8.
Bb4 c5 9. dxc5 a5 10. Bd2 Nxc5 11. e3 Nc6 12. Bc3 Ne4 13. Bd4 Re8 14. Bd3 e5
15. Bxe4 dxe4 16. Nxe5 Nxd4 17. exd4 f6 18. Ng4 Bxg4 19. Qxg4 Qxd4 20. O-O Qxc4
21. Rac1 Qf7 22. Rfd1 f5 23. Qg5 g6 24. h4 Qe7 25. Qg3 Rac8 26. h5 Qe6 27. Rxc8
Rxc8 28. Rd6 Qc4 29. hxg6 Qc1+ 30. Kh2 Qh6+ 31. Qh3 Qf4+ 32. Qg3 Qh6+ 33. Qh3
Qf4+ 34. Qg3 Qh6+ 35. Qh3 Qf4+ 1/2-1/2

[Event "CYCC U16"]
[Site "Montreal CAN"]
[Date "2014.07.17"]
[Round "5"]
[White "Li, Robert"]
[Black "Washimkar, Atharva"]
[Result "1-0"]
[WhiteElo "1764"]
[BlackElo "1765"]
[PlyCount "71"]
[EventDate "2014.07.15"]
[EventType "swiss"]
[EventRounds "7"]
[EventCountry "CAN"]

1. e4 c5 2. Nf3 d6 3. d4 cxd4 4. Nxd4 Nf6 5. Nc3 g6 6. Be3 Bg7 7. f3 O-O 8. Qd2
Nc6 9. Bc4 Bd7 10. O-O-O Ne5 11. Bb3 Rb8 12. h4 b5 13. Qe2 Nh5 14. Rhg1 b4 15.
g4 bxc3 16. gxh5 a5 17. bxc3 a4 18. hxg6 axb3 19. gxh7+ Kh8 20. Nxb3 Be6 21.
Qg2 Bf6 22. Bg5 Bg7 23. Bxe7 Bh6+ 24. Bg5 Bxg5+ 25. hxg5 Bxb3 26. cxb3 Qa5 27.
b4 Qc7 28. Qb2 Rfc8 29. f4 Nc4 30. Qf2 Kxh7 31. Rh1+ Kg8 32. Qh4 Kf8 33. Qh8+
Ke7 34. Qf6+ Kd7 35. Qxf7+ Kc6 36. Qxc4+ 1-0

[Event "CYCC U16"]
[Site "Montreal CAN"]
[Date "2014.07.17"]
[Round "5"]
[White "Zhu, Hong Rui"]
[Black "Adriaanse, Adam"]
[Result "1/2-1/2"]
[WhiteElo "2145"]
[BlackElo "2147"]
[PlyCount "118"]
[EventDate "2014.07.15"]
[EventType "swiss"]
[EventRounds "7"]
[EventCountry "CAN"]

1. e4 c5 2. Ne2 g6 3. g3 Bg7 4. Bg2 Nc6 5. c3 Nf6 6. d4 cxd4 7. cxd4 d5 8. e5
Ng8 9. Nbc3 e6 10. O-O Nh6 11. Be3 O-O 12. Qd2 Nf5 13. f4 Bd7 14. Bf2 a6 15. g4
Nfe7 16. Ng3 f5 17. h3 Rc8 18. Bf3 b5 19. Kg2 b4 20. Nd1 Qb6 21. b3 a5 22. Nb2
Na7 23. Rfc1 Nb5 24. Na4 Qa7 25. Ne2 Rxc1 26. Rxc1 Rc8 27. Rxc8+ Bxc8 28. Qc2
Qc7 29. Qxc7 Nxc7 30. Nc5 Na6 31. Nxa6 Bxa6 32. Nc1 Nc6 33. g5 Kf7 34. Be2 Bxe2
35. Nxe2 Na7 36. Kf3 Nb5 37. Ke3 Bf8 38. Kd3 Be7 39. Be3 Bd8 40. Bc1 Bb6 41.
Bb2 Ke7 42. Bc1 Kd7 43. Bb2 Bd8 44. Bc1 Be7 45. Bb2 Kc6 46. Bc1 Na7 47. Bb2 Kb5
48. Bc1 a4 49. Bb2 Ka5 50. Ng3 Nb5 51. Ne2 Na7 52. Ng3 Nc6 53. h4 Bd8 54. h5
Bb6 55. hxg6 hxg6 56. Ne2 Kb5 57. Bc1 Na5 58. Kc2 Nc6 59. Kd3 Na5 1/2-1/2

[Event "CYCC U16"]
[Site "Montreal CAN"]
[Date "2014.07.17"]
[Round "6"]
[White "Adriaanse, Adam"]
[Black "Li, Robert"]
[Result "1-0"]
[WhiteElo "2147"]
[BlackElo "1764"]
[PlyCount "77"]
[EventDate "2014.07.15"]
[EventType "swiss"]
[EventRounds "7"]
[EventCountry "CAN"]

1. d4 Nf6 2. c4 g6 3. g3 Bg7 4. Bg2 O-O 5. Nf3 Nc6 6. O-O d5 7. cxd5 Nxd5 8.
Nc3 Nb6 9. e3 e5 10. dxe5 Nxe5 11. Nxe5 Bxe5 12. Qc2 c6 13. Rd1 Qe7 14. e4 f5
15. Ne2 fxe4 16. Bxe4 Bg4 17. Bh6 Bg7 18. Bxg7 Kxg7 19. Rd3 Nd5 20. f3 Bf5 21.
Bxf5 Rxf5 22. Qd2 Raf8 23. Kg2 Qg5 24. f4 Qe7 25. Nc3 g5 26. Nxd5 Qe4+ 27. Kg1
cxd5 28. Re1 Qc4 29. Rc3 Qxa2 30. Rc7+ R8f7 31. Qc3+ d4 32. Qxd4+ Kg6 33. Rc8
Qd5 34. Rg8+ Kh5 35. Qf2 g4 36. h3 gxh3 37. g4+ Kh6 38. Qh4+ Rh5 39. g5+ 1-0

[Event "CYCC U16"]
[Site "Montreal CAN"]
[Date "2014.07.17"]
[Round "6"]
[White "Liu, Yu Qing"]
[Black "Poirier, Alexis"]
[Result "1-0"]
[WhiteElo "1674"]
[BlackElo "1520"]
[PlyCount "43"]
[EventDate "2014.07.15"]
[EventType "swiss"]
[EventRounds "7"]
[EventCountry "CAN"]

1. e4 c5 2. Nf3 d6 3. d4 cxd4 4. Nxd4 Nf6 5. Nc3 a6 6. Qf3 e5 7. Nf5 Be6 8. Bg5
Nbd7 9. O-O-O Qc7 10. Kb1 Rc8 11. Bd3 Qa5 12. Bd2 Nc5 13. Nd5 Qd8 14. Bg5 Bxd5
15. exd5 Na4 16. Ka1 g6 17. Nxd6+ Qxd6 18. Qxf6 Qb4 19. Qxe5+ Kd7 20. Bd2 Bd6
21. Qxh8 Rc3 22. Bxc3 1-0

[Event "CYCC U16"]
[Site "Montreal CAN"]
[Date "2014.07.17"]
[Round "6"]
[White "Mathews, Jeremy"]
[Black "Harris, Gabriel"]
[Result "1-0"]
[WhiteElo "1546"]
[BlackElo "1325"]
[PlyCount "121"]
[EventDate "2014.07.15"]
[EventType "swiss"]
[EventRounds "7"]
[EventCountry "CAN"]

1. e4 c5 2. Nf3 d6 3. d4 cxd4 4. Nxd4 Nf6 5. Nc3 g6 6. Be3 Bg7 7. f3 Nc6 8. Qd2
Bd7 9. g4 O-O 10. h4 h5 11. g5 Ne8 12. O-O-O Nc7 13. Be2 Ne6 14. Nxe6 fxe6 15.
f4 Qa5 16. e5 d5 17. Qd3 Be8 18. a3 Rd8 19. Qb5 Qxb5 20. Nxb5 a6 21. Nd4 Nxd4
22. Rxd4 Bc6 23. Rhd1 b5 24. Kd2 a5 25. Bd3 Kf7 26. Ke2 Ra8 27. Kf2 Rfb8 28.
Bd2 Rf8 29. Kg3 Rfd8 30. Be3 Rdb8 31. Bd2 Bh8 32. Be1 Bg7 33. b3 a4 34. bxa4
Rxa4 35. Rxa4 bxa4 36. Bb4 Bb5 37. Bxb5 Rxb5 38. Rb1 Bf8 39. Rb2 Ke8 40. Bc3
Rxb2 41. Bxb2 Kd7 42. Kf3 Kc6 43. Ke3 Kc5 44. Kd3 Kb5 45. Bc3 Kc5 46. Bb4+ Kb5
47. Kd4 Kc6 48. c4 dxc4 49. Kxc4 Kb6 50. Bd2 Kc6 51. Bc1 Bg7 52. Kb4 Kd5 53.
Kxa4 Kc4 54. Ka5 Kc5 55. a4 Kc6 56. Ka6 Kc7 57. Kb5 Kd7 58. a5 Kc7 59. a6 Kb8
60. Be3 Bf8 61. Kc6 1-0